00980cas a22002297a 450000500170000000800410001701000100005801100100006802200140007803500100009224501950010226000990029730000070039631000150040336200180041865000700043665000710050665000740057765000460065186600210069786600320071820220329142109.0990622d19651968mx qr pernn 0 uub1spa d a78393 a793651 a0187-5191 a8958700aBoletín del Comité Directivo Agrícola de los Distritos de Riego Nos. 35,36 y 65 Río La Antigua, La Boticaria y Río Actopanc/por Secretaría de Agricultura y Recursos Hidáulicos0 aVilla José Cardel, Ver. :bSecretaría de Agricultura y Recursos Hidráulicos,c1965-1968. av. aTrimestral1 av.4 n.2,1968.14aDistrito de Riego La Boticaria, Ver.xPublicaciones periódicas.14aDistrito de Riego Río Actopan, Ver.xPublicaciones periódicas.14aDistrito de Riego Río La Antigua, Ver.xPublicaciones periódicas.14aIrrigaciónxPublicaciones periódicas. av.1 n.1-6 (1965) av.2 n.1-v.4 n.2 (1966-1968)